000 00552nam a22002057a 4500
003 OSt
005 20260526104946.0
008 260526b |||||||| |||| 00| 0 eng d
020 _a978-93-56817-99-9
040 _cSBCL
082 _a371.26
_bCAR-I
100 _aCareer Launcher Infrastructure
245 _aGMAT Verbal Review
260 _aNew Delhi
_bCareer Launcher Infrastructure
_c2026
300 _a266p.
630 _xSocial sciences
650 _aEducation
650 _aSchools & their activities; special education
942 _cBOOK
999 _c138235
_d138235